Italian Political Parties - Statistics

General Stats
  • This quiz has been taken 130 times
    19 since last reset
  • The average score is 9 of 22
Answer Stats
Ideology Seats Answer % Correct
PopulismGreen politics 83 Five Star Movement
88%
Right-wing populismConservatism 101 Lega
88%
Liberal conservatismChristian democracy 79 Forza Italia
82%
National conservatismRight-wing populism 207 Brothers of Italy
71%
Social Democracy 127 Democratic
71%
_______ politics 8 Green Europe
59%
Liberalism 12 Action
53%
Liberalism 15 Italia Viva
53%
Democratic socialismEco-socialism 8 Italian Left
47%
LiberalismPro-Europeanism 2 More Europe
47%
Liberal conservatismChristian democracy 7 Us Moderates
47%
RegionalismGerman-speaking minority interests 6 South Tyrolean People's
35%
RegionalismPopulism 1 South Calls North
29%
Christian democracySocial conservatism 2 Union of the Centre
29%
Animal Rights 1 Animalist Movement
18%
Liberalism 1 Liberal Democratic
18%
NationalismRight wing populism 4 National Future
18%
RegionalismFrench-speaking minority interests 1 Valdostan Union
18%
Italians abroad interests 2 Associative Movement of Italians Abroad
6%
Liberal Conservatism 2 Corragio Italia
6%
Progressivism 1 Progressive
6%
Regionalism 1 Campobase
0%
No matching quizzes found
Score Distribution
Percent of People with Each Score
Percentile by Number Answered
Your Score History
You have not taken this quiz since the last reset